000
00249nam a2200097Ia 4500
008
240331s9999 xx 000 0 und d
082
_b
REM
100
_a
Thiruchandran S, Udagama Dand ,Wickremasinghe S, d
245
0
_a
Remembering Bernadeen
942
_c
L
999
_c
4414
_d
4414